L ́Altrange (Record no. 6669)

MARC details
000 - LÍDER
campo de control de longitud fija 00744nam a2200193Ia 4500
008 - ELEMENTOS DE DATOS DE LONGITUD FIJA - INFORMACIÓN GENERAL
campo de control de longitud fija 0000001987 sp a 0000000000spa00
090 ## - NÚMERO DE LLAMADA DE TIPO LC LOCALMENTE ASIGNADO (OCLC)
Número de clasificación (OCLC) (R) PTU00 L14l
100 1# - ENTRADA PRINCIPAL - NOMBRE PERSONAL
Nombre de la persona L ́Altrange, Jean Francois
Fechas asociadas a un nombre 1948
245 10 - TÍTULO DECLARACIÓN
Título L ́Altrange
260 ## - PUBLICACIÓN, DISTRIBUCIÓN
Lugar de publicación Valladolid (España) : Velazquez Galería de Arte
Fecha de publicación 1987
300 ## - DESCRIPCIÓN FÍSICA
Alcance [28] p.
Dimensiones / 21 cm.
500 ## - NOTA GENERAL
Nota general Exposición realizada en Velazquez Galería de Arte, Valladolid, Abril 1121, 1987 \ Con el patronazgo del maestro venezolano Jesús Rafael Soto (q.e.p.d.) \
600 00 - ENTRADA DE SUJETO AÑADIDO - NOMBRE PERSONAL
Nombre de la persona L ́ALTRANGE, JEAN FRANCOIS, 1948/
Subdivisión general TRABAJOS PICTORICOS
650 14 - ENTRADA DE SUJETO AÑADIDO - TÉRMINO TÓPICO
Término tópico o elemento de entrada del nombre geográfico ARTE CONTEMPORANEO TURCO
650 14 - ENTRADA DE SUJETO AÑADIDO - TÉRMINO TÓPICO
Subdivisión general CATALOGOS
650 14 - ENTRADA DE SUJETO AÑADIDO - TÉRMINO TÓPICO
Subdivisión general EXPOSICIONES
650 14 - ENTRADA DE SUJETO AÑADIDO - TÉRMINO TÓPICO
Término tópico o elemento de entrada del nombre geográfico PINTORES TURCOS
650 14 - ENTRADA DE SUJETO AÑADIDO - TÉRMINO TÓPICO
Término tópico o elemento de entrada del nombre geográfico PINTURA TURCA
Holdings
Estado de retirada Pérdida de estatus Estado dañado No para préstamo Código de recogida Ubicación permanente Ubicación actual Ubicación de las estanterías Fecha de adquisición Número de llamada completo Código de barras Fecha de la última vez que se vio Número de copia Precio efectivo desde Tipo de artículo Koha
        General ArtNexus ArtNexus General 06/09/2022 P-TU-00 L14L 6673 06/09/2022 Ej.1 06/09/2022 Libro

Powered by Koha